Score 0/38 Timer 15:00
0 Plays Today
Can you name all the villains who appear % Correct
Joker
99.3%
Oswald Chesterfield Cobblepot
88.3%
Harvey Dent
87.4%
Selina Kyle
85.4%
Pamela Isley
85.3%
Edward Nygma
85%
Dr. Harleen Quinzel
82.4%
Waylon Jones
79.3%
Dr. Victor Fries
77.7%
Dr. Jonathan Crane
77.4%
Bane
73.9%
Matt Hagen
73.8%
Jervis Tetch
70.5%
Mad Hatter
69.8%
Dr. Kirk Langstrom
67.5%
Ra's Al Ghul
64.1%
Arnold Wesker
53.8%
Temple Fugate
45.2%
Talia al Ghul
44.2%
Can you name all the villains who appear % Correct
Mary Dahl
39.3%
Rupert Thorne
39.1%
Red Claw
38.7%
Red Claw
38.7%
Garfield Lynns
30.8%
Lyle Bolton
28.2%
HARDAC
22.1%
Sewer King
20.9%
Kyodai Ken
15.4%
Professor Milo
11%
Count Vertigo
10.4%
Roland Daggert
2.2%
Chuckie Sol
1.2%
Buzz Bronski
1.2%
Dr. Emile Dorian
1%
Boss Bigis
0.7%
Arthur Reeves
0.4%
Salvatore 'Sal' Valestra
0.3%
Maximillian 'Maxie' Zeus
0.1%
Remove Ads.
Support Sporcle.
Get the best of Sporcle when you Go Orange. This ad-free experience offers more features, more stats, and more fun while also helping to support Sporcle. Thank you for becoming a member.

You're not logged in!

Compare scores with friends on all Sporcle quizzes.
OR
Log In

Show Comments

Extras

Top Quizzes Today


Score Distribution

Your Account Isn't Verified!

In order to create a playlist on Sporcle, you need to verify the email address you used during registration. Go to your Sporcle Settings to finish the process.

Report this User

Report this user for behavior that violates our Community Guidelines.

Details: